| 000 | 00557nam a2200205Ia 4500 | ||
|---|---|---|---|
| 008 | 180207s9999 xx 000 0 und d | ||
| 020 | _a978971508267x | ||
| 050 | _bV162 2005 | ||
| 100 | _aValera, Rafaelita | ||
| 245 | _aNoong unang panahon / | ||
| 245 | _cby Rafaelita S. Valera ; illustrated by Ghani MadueƱo. | ||
| 250 | _aFirst edition. | ||
| 260 | _aMetro Manila, Philippines : | ||
| 260 | _bAdarna House, | ||
| 260 | _c2005 | ||
| 300 | _aunpaged : | ||
| 300 | _bchiefly colored ; | ||
| 300 | _c23cm. | ||
| 650 | _aA book in 2 languages. | ||
| 999 |
_c355803 _d355803 |
||